000 00437cam a2200145 4500500
005 20260201142522.0
041 _afre
042 _adc
100 1 0 _aZe Belinga, Martial
_eauthor
245 0 0 _aHommage
260 _c2005.
500 _a55
786 0 _nPrésence Africaine | 172 | 2 | 2005-06-01 | p. 175-179 | 0032-7638
856 4 1 _uhttps://shs.cairn.info/revue-presence-africaine-2005-2-page-175?lang=fr&redirect-ssocas=7080
999 _c1642826
_d1642826